000 01468cam a22003374a 4500
999 _c329246
_d329246
001 11982903
003 ASAB
005 20170428134456.0
008 000421s2000 enka b 001 0 eng
010 _a 00032695
020 _a0199638071
020 _a0199638063 (pbk.)
040 _cASAB
042 _apcc
050 0 0 _aQP702.G577
_bM65 2000
082 0 0 _a612
_221
245 0 0 _aMolecular and cellular glycobiology /
_cedited by Minoru Fukuda and Ole Hindsgaul.
260 _aOxford ;
_aNew York :
_bOxford University Press,
_cc2000.
300 _axxi, 289 p. :
_bill. (some col.) ;
_c26 cm.
440 0 _aFrontiers in molecular biology ;
_v30
504 _aIncludes bibliographical references and index.
650 0 _aGlycoconjugates
_xPhysiological effect.
650 0 _aCarbohydrates
_xPhysiological effect.
650 0 _aCarbohydrates
_xMetabolism
_xDisorders.
700 1 _aFukuda, Minoru,
_d1945-
700 1 _aHindsgaul, Ole.
856 4 1 _3Table of contents only
_uhttp://www.loc.gov/catdir/toc/fy031/00032695.html
856 4 2 _3Publisher description
_uhttp://www.loc.gov/catdir/enhancements/fy0610/00032695-d.html
906 _a7
_bcbc
_corignew
_d1
_eocip
_f20
_gy-gencatlg
942 _2ddc
_cBK